000 00869 a2200169 4500
003 NUST
005 20230719094706.0
040 _cNust
082 _a609.2,GLO
100 _aGloag, John
_9113718
245 _aThe Missing Technician:
_bin industrial Production /
_cJohn Gloag
260 _aLondon
_bGeorge Allen
_c1945
300 _b90:p.
505 _aIntroduction by charles tennyson (Page-7), Why missing (Page-11), Industrial design as a technical operation (Page-22), Design research committees in operation (Page-36), Cost royalities and patent rigts (Page-43), Selecting designers (Page-51), Examples of work by design committee (Page-60), The effect of new materials on design (Page-71),Old materials with new properties (Page-93), National character in industrial design (Page-100).
650 _aThe Missing Technician
_9113719
942 _2ddc
_cBK
_k609.2,GLO
999 _c183140
_d183140